| 000 | 00385cam a22001337a 4500 | ||
|---|---|---|---|
| 008 | 180718b1922 xxu||||| |||| 00| 0 eng d | ||
| 082 | _aT391x54 J533 | ||
| 100 | _aJevons, H. Stanley | ||
| 245 |
_aThe Future of exchange and the Indian currency _cby H. Stanley Jevons |
||
| 260 |
_aLondon _bOUP _c1922 |
||
| 300 | _a261p. | ||
| 650 | _aMoney - India | ||
| 650 | _aForeign Exchange - India | ||
| 999 |
_c371347 _d371347 |
||